| 000 | 00520nam a2200169 a 4500 | ||
|---|---|---|---|
| 005 | 20140412111300.0 | ||
| 008 | 010327s19uu xx 00 eng d | ||
| 020 | _a0-590-49243-8 | ||
| 050 |
_aTR(GS 028.162 _bB76 1996 |
||
| 100 | _aBrooks, Ellen | ||
| 245 |
_aJust-right books for beginning readers : _bleveled booklists & strategies / _cby Ellen Brooks. |
||
| 260 |
_aNew York : _bScholastic Professional Books, _c1996. |
||
| 300 | _a128 p. | ||
| 650 | _aReaders | ||
| 650 | _aTeachers' strategies | ||
| 999 |
_c103363 _d103363 |
||